00789nam a2200253 a 450000100060000000300080000600500170001400800410003102000150007203500190008703500200010604000290012604100080015508200240016310000250018724500890021225000120030126000420031330000350035550000640039050400390045465000210049370000210051447062BD-RjUL20211209054244.0160806s1989 ohuab b 001 0 eng d a0675209501 a(BD-RjUL)47181 a(OCoLC)19531981 aTxSmScDLCdBD-RjULbeng aeng04a304.2223bRUC 19891 aRubenstein, James M.14aThe cultural landscape :ban introduction to human geography /cJames M. Rubenstein. a2nd ed. aColumbus :bMerrill Pub. Co.,cc1989. axvii, 506 p. :bill. ;c27 cm. a1st ed. written by James M. Rubenstein and Robert S. Bacon. aIncludes bibliographies and index. 0aHuman geography.1 aBacon, Robert S.